00996nam a22001937a 450000500170000000700150001700800410003203500100007304000090008310000360009224501350012825600240026326000410028730000280032850602700035665000290062674000380065585601090069320240305165422.0cr|||| |||| 140430s2013 mx |||||s|||| 00||0 spa d a12069 avLex1 aBornacini Hervella, Honoré A.10aGuía para la planeación del cierre anual de sueldos y salarios 2013h[Recurso electrónico] /cHonoré A. Bornacini Hervella aServicio en línea aMéxico DF:bMéxico Fiscal,c2013 a1 recurso electrónico1 aDisponible solo en los productos indicadosdvLex GlobaldvLex Global (Academic Edition, excluding Law Schools)dvLex Global (U.S. Academic Edition, Law Schools)dvLex Global (U.S. Academic Edition, excluding Law Schools)dvLex Global (Academic Edition, Law Schools)04aDerecho FiscalzMéxico0 avLex Libros (Servicio en línea)40uhttps://app.vlex.com/#/sources/guia-para-la-planeacion-del-cierre-anual-de-sueldos-y-salarios-2013-12069